000 00797nam a2200229Ii 4500
003 JO-AjNU
008 230605s9999||||xx |||||||||||||| ||und||
017 _a2021/10-5833
020 _a978-9957-94-728-6
040 _aJO-AjNU
_bara
_erda
_cJO-AjNU
041 _aara
050 1 4 _aPN5449.J6.M87 2021
100 3 _aالموسى، عصام سليمان,
_eauthor
_963691
245 0 0 _aالصحافة الأردنية في مئة عام
250 _aط1
264 3 1 _aعمان: وزارة الثقافه، 2021
300 _a282ص
_bاصدارات مئوية الدولة الاردنية 2021
336 _atext
_btxt
_2rdacontent
337 _aunmediated
_bn
_2rdamedia
338 _avolume
_bnc
_2rdacarrier
650 4 _aالصحافة حرية الرأي-تاريخ الأردن
_963692
999 _aA28904
_c32472
_d32472